000
00303nam a2200121Ia 4500
008
231129s9999||||xx |||||||||||||| ||spa||
040
_b
spa
082
_a
901.9 R811h
100
_a
Roselle Daniel
245
0
_a
Historia de la humanidad : Historia antigua y media
264
_a
Norma
942
_2
ddc
_c
BKS
999
_c
15124
_d
15124